[Event "ODJM C 2025"]
[Site "Willingen GER"]
[Date "2025.06.08"]
[Round "1"]
[White "Hantke, Florian"]
[Black "Melekestsev, Kyrylo"]
[Result "1-0"]
[Termination "normal"]
[Board "6"]
[WhiteElo "1517"]
[BlackElo "1045"]
[WhiteClock "01:17:35"]
[BlackClock "01:08:23"]
[PlyCount "30"]
[WhiteFideId "34638962"]
[BlackFideId "533015945"]
[EventCountry "GER"]
[EventRounds "9"]
[EventType "swiss"]
[EventDate "2025.06.07"]

1. e4 {[%clk 01:30:49]} {[%emt 00:00:11]} e5 {[%clk 01:30:57]} {[%emt
00:00:04]} 2. Nf3 {[%clk 01:31:02]} {[%emt 00:00:16]} Nc6 {[%clk 01:31:15]}
{[%emt 00:00:11]} 3. Bc4 {[%clk 01:31:28]} {[%emt 00:00:05]} Bc5 {[%clk
01:31:40]} {[%emt 00:00:05]} 4. c3 {[%clk 01:31:54]} {[%emt 00:00:04]} Nf6
{[%clk 01:32:05]} {[%emt 00:00:05]} 5. d4 {[%clk 01:32:20]} {[%emt 00:00:05]}
exd4 {[%clk 01:32:24]} {[%emt 00:00:09]} 6. O-O {[%clk 01:32:43]} {[%emt
00:00:08]} dxc3 {[%clk 01:31:43]} {[%emt 00:01:12]} 7. e5 {[%emt 00:00:09]} Ng4
{[%clk 01:30:54]} {[%emt 00:01:15]} 8. Bxf7+ {[%clk 01:32:05]} {[%emt
00:01:33]} Kf8 {[%clk 01:26:16]} {[%emt 00:05:02]} 9. Nxc3 {[%clk 01:29:36]}
{[%emt 00:03:04]} Ngxe5 {[%clk 01:25:20]} {[%emt 00:01:27]} 10. Nxe5 {[%clk
01:29:57]} {[%emt 00:00:08]} Nxe5 {[%clk 01:25:37]} {[%emt 00:00:09]} 11. Bb3
{[%clk 01:28:50]} {[%emt 00:01:41]} d6 {[%clk 01:24:15]} {[%emt 00:01:52]} 12.
Bf4 {[%clk 01:28:53]} {[%emt 00:00:27]} Ng6 {[%clk 01:23:00]} {[%emt 00:01:44]}
13. Bg3 {[%clk 01:27:20]} {[%emt 00:02:03]} Qf6 {[%clk 01:20:07]} {[%emt
00:03:16]} 14. Re1 {[%clk 01:23:09]} {[%emt 00:04:48]} Nf4 {[%clk 01:10:22]}
{[%emt 00:10:14]} 15. Qd2 {[%clk 01:17:35]} {[%emt 00:06:06]} g5 {[%clk
01:08:23]} {[%emt 00:02:28]} 16. Ne4 {[%clk 01:08:35]} {[%emt 00:11:51]} Qf5
{[%clk 00:58:40]} {[%emt 00:07:52]} 17. Rac1 {[%clk 01:04:48]} {[%emt
00:04:18]} Bb6 {[%clk 00:55:56]} {[%emt 00:03:14]} 18. Nxd6 {[%clk 01:03:09]}
{[%emt 00:02:10]} cxd6 {[%clk 00:50:31]} {[%emt 00:05:54]} 19. Qxd6+ {[%clk
01:03:35]} {[%emt 00:00:04]} Kg7 {[%clk 00:49:47]} {[%emt 00:01:14]} 20. Re7+
{[%clk 01:04:02]} {[%emt 00:00:03]} Kf8 {[%clk 00:49:20]} {[%emt 00:00:53]} 21.
Re5+ {[%clk 01:04:04]} {[%emt 00:00:31]} Kg7 {[%clk 00:49:18]} {[%emt
00:00:31]} 22. Rxf5 {[%clk 01:04:31]} {[%emt 00:00:05]} Bxf5 {[%clk 00:49:05]}
{[%emt 00:00:37]} 23. Bxf4 {[%clk 01:04:44]} {[%emt 00:00:23]} gxf4 {[%clk
00:47:55]} {[%emt 00:01:39]} 24. Qe7+ {[%clk 01:03:06]} {[%emt 00:02:08]} Kh6
{[%clk 00:47:52]} {[%emt 00:00:34]} 25. Qf6+ {[%clk 01:03:31]} {[%emt
00:00:05]} Bg6 {[%clk 00:48:00]} {[%emt 00:00:21]} 26. Qxf4+ {[%clk 01:03:57]}
{[%emt 00:00:05]} Kg7 {[%clk 00:47:48]} {[%emt 00:00:41]} 27. Qe5+ {[%clk
01:02:57]} {[%emt 00:01:31]} Kh6 {[%clk 00:48:02]} {[%emt 00:00:16]} 28. Rc3
{[%clk 01:03:05]} {[%emt 00:00:32]} Bf5 {[%clk 00:45:39]} {[%emt 00:02:52]} 29.
Qf6+ {[%clk 01:02:41]} {[%emt 00:00:54]} Kh5 {[%clk 00:45:16]} {[%emt
00:00:50]} 30. Qxf5+ {[%clk 01:03:05]} {[%emt 00:00:09]} Kh6 {[%clk 00:44:35]}
{[%emt 00:01:09]} 31. Rh3+ {[%clk 01:03:30]} {[%emt 00:00:06]} Kg7 {[%clk
00:44:41]} {[%emt 00:00:24]} 32. Rg3+ {[%clk 01:03:58]} {[%emt 00:00:04]} 1-0

[Event "ODJM C 2025"]
[Site "Willingen GER"]
[Date "2025.06.08"]
[Round "1"]
[White "Servin, Erik Phileas Große"]
[Black "Schöning, Leopold"]
[Result "0-1"]
[Termination "normal"]
[Board "7"]
[WhiteElo "1041"]
[BlackElo "1525"]
[WhiteClock "01:14:32"]
[BlackClock "01:15:24"]
[PlyCount "34"]
[WhiteFideId "533043744"]
[BlackFideId "34678964"]
[EventCountry "GER"]
[EventRounds "9"]
[EventType "swiss"]
[EventDate "2025.06.07"]

1. e4 {[%clk 01:30:54]} {[%emt 00:00:06]} c5 {[%clk 01:30:19]} {[%emt
00:00:40]} 2. c3 {[%clk 01:31:19]} {[%emt 00:00:07]} d5 {[%clk 01:29:57]}
{[%emt 00:00:51]} 3. exd5 {[%clk 01:31:23]} {[%emt 00:00:26]} Qxd5 {[%clk
01:29:38]} {[%emt 00:00:49]} 4. d4 {[%clk 01:31:33]} {[%emt 00:00:21]} Nc6
{[%clk 01:28:48]} {[%emt 00:01:19]} 5. Nf3 {[%clk 01:31:42]} {[%emt 00:00:22]}
cxd4 {[%clk 01:26:46]} {[%emt 00:02:32]} 6. cxd4 {[%clk 01:31:37]} {[%emt
00:00:35]} Nf6 {[%clk 01:24:45]} {[%emt 00:02:30]} 7. Nc3 {[%clk 01:29:35]}
{[%emt 00:02:33]} Qd8 {[%clk 01:22:33]} {[%emt 00:02:42]} 8. Bc4 {[%clk
01:28:23]} {[%emt 00:01:38]} e6 {[%clk 01:21:54]} {[%emt 00:01:12]} 9. Qb3
{[%clk 01:27:27]} {[%emt 00:01:22]} Nxd4 {[%clk 01:20:20]} {[%emt 00:02:08]}
10. Nxd4 {[%clk 01:27:49]} {[%emt 00:00:09]} Qxd4 {[%clk 01:20:38]} {[%emt
00:00:12]} 11. Be3 {[%clk 01:26:14]} {[%emt 00:02:02]} Qg4 {[%clk 01:19:54]}
{[%emt 00:01:12]} 12. f3 {[%clk 01:22:34]} {[%emt 00:04:15]} Qf5 {[%clk
01:19:01]} {[%emt 00:05:07]} 13. Bb5+ {[%clk 01:19:40]} {[%emt 00:03:50]} Nd7
{[%clk 01:18:07]} {[%emt 00:01:24]} 14. Bxd7+ {[%clk 01:18:56]} {[%emt
00:01:13]} Bxd7 {[%clk 01:17:42]} {[%emt 00:00:56]} 15. Qxb7 {[%clk 01:16:30]}
{[%emt 00:02:55]} Rc8 {[%clk 01:17:08]} {[%emt 00:00:58]} 16. O-O {[%clk
01:15:22]} {[%emt 00:01:37]} Bd6 {[%clk 01:16:00]} {[%emt 00:01:43]} 17. Bxa7
{[%clk 01:14:32]} {[%emt 00:01:21]} Qe5 {[%clk 01:15:24]} {[%emt 00:01:05]} 18.
g3 {[%clk 01:13:35]} {[%emt 00:09:28]} 0-1

[Event "ODJM C 2025"]
[Site "Willingen GER"]
[Date "2025.06.08"]
[Round "1"]
[White "Özkurt, Alper"]
[Black "Martens, Nele"]
[Result "1-0"]
[Termination "normal"]
[Board "8"]
[WhiteElo "1523"]
[BlackElo "1036"]
[WhiteClock "01:14:43"]
[BlackClock "01:11:16"]
[PlyCount "35"]
[WhiteFideId "34655190"]
[BlackFideId "533001952"]
[EventCountry "GER"]
[EventRounds "9"]
[EventType "swiss"]
[EventDate "2025.06.07"]

1. e4 {[%clk 01:30:56]} {[%emt 00:00:03]} e5 {[%clk 01:30:56]} {[%emt
00:00:03]} 2. Nf3 {[%clk 01:31:22]} {[%emt 00:00:05]} Nc6 {[%clk 01:31:16]}
{[%emt 00:00:10]} 3. Bc4 {[%clk 01:31:49]} {[%emt 00:00:04]} Bc5 {[%clk
01:31:16]} {[%emt 00:00:29]} 4. b4 {[%clk 01:29:06]} {[%emt 00:03:14]} Bxb4
{[%clk 01:29:20]} {[%emt 00:02:23]} 5. c3 {[%clk 01:27:47]} {[%emt 00:01:52]}
Ba5 {[%clk 01:27:30]} {[%emt 00:02:20]} 6. d4 {[%clk 01:27:58]} {[%emt
00:00:18]} d6 {[%clk 01:26:25]} {[%emt 00:01:35]} 7. O-O {[%clk 01:26:32]}
{[%emt 00:01:57]} Bg4 {[%clk 01:25:51]} {[%emt 00:01:03]} 8. Bxf7+ {[%clk
01:14:57]} {[%emt 00:12:05]} Kxf7 {[%clk 01:20:33]} {[%emt 00:05:49]} 9. Ng5+
{[%clk 01:15:15]} {[%emt 00:00:12]} Ke7 {[%clk 01:14:07]} {[%emt 00:06:55]} 10.
Qxg4 {[%clk 01:15:33]} {[%emt 00:00:12]} Qd7 {[%clk 01:12:37]} {[%emt
00:02:00]} 11. Qxd7+ {[%clk 01:15:20]} {[%emt 00:00:43]} Kxd7 {[%clk 01:12:42]}
{[%emt 00:00:25]} 12. Nf7 {[%clk 01:15:36]} {[%emt 00:00:15]} Nf6 {[%clk
01:12:19]} {[%emt 00:00:53]} 13. Nxh8 {[%clk 01:16:04]} {[%emt 00:00:02]} Rxh8
{[%clk 01:12:19]} {[%emt 00:00:29]} 14. d5 {[%clk 01:15:29]} {[%emt 00:01:05]}
Ne7 {[%clk 01:12:35]} {[%emt 00:00:14]} 15. Re1 {[%clk 01:15:41]} {[%emt
00:00:18]} Bb6 {[%clk 01:12:26]} {[%emt 00:00:38]} 16. h3 {[%clk 01:15:59]}
{[%emt 00:00:13]} Rf8 {[%clk 01:11:44]} {[%emt 00:01:12]} 17. Be3 {[%clk
01:15:36]} {[%emt 00:00:53]} Ba5 {[%clk 01:11:16]} {[%emt 00:00:59]} 18. f3
{[%clk 01:14:43]} {[%emt 00:01:22]} c6 {[%clk 01:09:18]} {[%emt 00:09:08]} 19.
dxc6+ {[%clk 01:13:15]} Nxc6 {[%clk 01:08:30]} {[%emt 00:00:06]} 20. Rd1 {[%clk
01:10:39]} {[%emt 00:00:26]} b6 {[%clk 01:07:37]} {[%emt 00:00:31]} 21. Rd3
{[%clk 01:07:04]} {[%emt 00:04:07]} Ke6 {[%clk 01:06:07]} {[%emt 00:01:59]} 22.
Na3 {[%clk 01:02:10]} {[%emt 00:05:24]} d5 {[%clk 01:05:19]} {[%emt 00:01:18]}
23. Rad1 {[%clk 00:59:19]} {[%emt 00:03:16]} Rd8 {[%clk 01:04:48]} {[%emt
00:01:06]} 24. exd5+ {[%clk 00:58:27]} {[%emt 00:01:23]} Nxd5 {[%clk 01:04:30]}
{[%emt 00:00:46]} 25. c4 {[%clk 00:58:45]} {[%emt 00:00:14]} Nxe3 {[%clk
01:04:27]} {[%emt 00:00:33]} 26. Rxd8 {[%clk 00:59:10]} {[%emt 00:00:05]} Nxd1
{[%clk 01:04:39]} {[%emt 00:00:17]} 27. Rxd1 {[%clk 00:59:39]} Bb4 {[%clk
01:02:45]} {[%emt 00:02:23]} 28. Nb5 {[%clk 00:59:33]} {[%emt 00:00:38]} Bc5+
{[%clk 01:02:03]} {[%emt 00:01:12]} 29. Kf1 {[%clk 00:59:37]} {[%emt 00:01:06]}
a5 {[%clk 01:01:52]} {[%emt 00:00:42]} 30. Nc7+ {[%clk 00:59:38]} {[%emt
00:00:30]} Ke7 {[%clk 01:00:36]} {[%emt 00:01:46]} 31. Nd5+ {[%clk 01:00:00]}
{[%emt 00:00:09]} Ke6 {[%clk 01:00:50]} {[%emt 00:00:14]} 32. f4 {[%clk
00:58:18]} {[%emt 00:02:12]} h6 {[%clk 00:58:04]} {[%emt 00:03:16]} 33. Nc7+
{[%clk 00:57:32]} {[%emt 00:01:16]} Kf5 {[%clk 00:58:08]} {[%emt 00:00:25]} 34.
fxe5 {[%clk 00:57:11]} {[%emt 00:00:53]} Kxe5 {[%clk 00:57:54]} {[%emt
00:00:42]} 35. Nb5 {[%clk 00:57:30]} {[%emt 00:00:12]} g5 {[%clk 00:54:00]}
{[%emt 00:04:22]} 36. Ke2 {[%clk 00:57:13]} {[%emt 00:00:49]} Nb4 {[%clk
00:51:42]} {[%emt 00:02:48]} 37. a3 {[%clk 00:55:51]} {[%emt 00:01:53]} Nc2
{[%clk 00:51:16]} {[%emt 00:00:55]} 38. Rd5+ {[%clk 00:55:56]} {[%emt
00:00:24]} Ke6 {[%clk 00:50:41]} {[%emt 00:01:03]} 39. Rd3 {[%clk 00:53:48]}
{[%emt 00:02:37]} Ke5 {[%clk 00:50:18]} {[%emt 00:00:56]} 40. Kd2 {[%clk
00:52:48]} {[%emt 00:01:31]} Nd4 {[%clk 00:49:37]} {[%emt 00:01:11]} 41. Nxd4
{[%clk 00:46:57]} {[%emt 00:06:21]} Bxd4 {[%clk 00:49:48]} {[%emt 00:00:18]}
42. Ke2 {[%clk 00:47:19]} {[%emt 00:00:08]} a4 {[%clk 00:49:20]} {[%emt
00:00:59]} 43. Kf3 {[%clk 00:47:29]} {[%emt 00:00:21]} Bc5 {[%clk 00:49:15]}
{[%emt 00:00:30]} 44. Kg4 {[%clk 00:47:27]} {[%emt 00:00:36]} Kf6 {[%clk
00:49:01]} {[%emt 00:00:42]} 45. Kh5 {[%clk 00:47:32]} {[%emt 00:00:27]} Kg7
{[%clk 00:49:03]} {[%emt 00:00:27]} 46. g3 {[%clk 00:47:28]} {[%emt 00:00:35]}
Kh7 {[%clk 00:48:51]} {[%emt 00:00:38]} 47. Rd7+ {[%clk 00:47:44]} {[%emt
00:00:18]} Kg8 {[%clk 00:48:58]} {[%emt 00:00:22]} 48. Ra7 {[%clk 00:47:27]}
{[%emt 00:00:48]} Bxa3 {[%clk 00:48:59]} {[%emt 00:00:30]} 49. Kxh6 {[%clk
00:47:40]} {[%emt 00:00:16]} Bc5 {[%clk 00:48:13]} {[%emt 00:01:16]} 50. Rxa4
{[%clk 00:46:31]} {[%emt 00:01:39]} Bd6 {[%clk 00:46:31]} {[%emt 00:02:11]} 51.
Kg6 {[%clk 00:46:50]} {[%emt 00:00:12]} Be7 {[%clk 00:45:26]} {[%emt 00:01:36]}
52. Ra6 {[%clk 00:46:31]} {[%emt 00:00:49]} Bc5 {[%clk 00:45:02]} {[%emt
00:00:52]} 53. Kxg5 {[%clk 00:46:52]} {[%emt 00:00:09]} Kf7 {[%clk 00:45:19]}
{[%emt 00:00:14]} 54. h4 {[%clk 00:46:57]} {[%emt 00:00:25]} Bf2 {[%clk
00:45:12]} {[%emt 00:00:36]} 55. h5 {[%clk 00:47:03]} {[%emt 00:00:25]} Be3+
{[%clk 00:43:45]} {[%emt 00:01:54]} 56. Kf5 {[%clk 00:43:43]} {[%emt 00:03:52]}
Kg7 {[%clk 00:43:00]} {[%emt 00:01:14]} 57. g4 {[%clk 00:43:52]} {[%emt
00:00:24]} Kh6 {[%clk 00:42:57]} {[%emt 00:00:29]} 58. Ra8 {[%clk 00:44:14]}
{[%emt 00:00:10]} Bg5 {[%clk 00:42:51]} {[%emt 00:00:37]} 59. Rh8+ {[%clk
00:44:40]} {[%emt 00:00:04]} Kg7 {[%clk 00:42:58]} {[%emt 00:00:23]} 60. Kxg5
{[%clk 00:45:03]} {[%emt 00:00:08]} Kxh8 {[%clk 00:43:07]} {[%emt 00:00:20]}
61. Kf6 {[%clk 00:45:31]} {[%emt 00:00:03]} Kg8 {[%clk 00:43:07]} {[%emt
00:00:27]} 62. g5 {[%clk 00:45:46]} {[%emt 00:00:17]} Kf8 {[%clk 00:43:10]}
{[%emt 00:00:26]} 63. h6 {[%clk 00:46:12]} {[%emt 00:00:06]} Kg8 {[%clk
00:43:17]} {[%emt 00:00:21]} 64. g6 {[%clk 00:46:39]} {[%emt 00:00:04]} Kf8
{[%clk 00:42:38]} {[%emt 00:01:08]} 65. g7+ {[%clk 00:46:59]} {[%emt 00:00:11]}
Kg8 {[%clk 00:42:59]} {[%emt 00:00:09]} 66. h7+ {[%clk 00:47:27]} {[%emt
00:00:03]} Kxh7 {[%clk 00:43:20]} {[%emt 00:00:08]} 67. Kf7 {[%clk 00:47:56]}
Kh6 {[%clk 00:43:28]} {[%emt 00:00:23]} 68. g8=Q {[%clk 00:48:19]} {[%emt
00:00:06]} Kh5 {[%clk 00:43:43]} {[%emt 00:00:16]} 69. Qg3 {[%clk 00:48:46]}
{[%emt 00:00:03]} Kh6 {[%clk 00:43:49]} {[%emt 00:00:23]} 70. Qg6+ {[%clk
00:49:13]} {[%emt 00:00:05]} 1-0

[Event "ODJM C 2025"]
[Site "Willingen GER"]
[Date "2025.06.08"]
[Round "1"]
[White "Holzhäuser, Thibaut Lautaro"]
[Black "Abram, Kristina-Maria"]
[Result "1/2-1/2"]
[Termination "normal"]
[Board "9"]
[WhiteElo "1035"]
[BlackElo "1507"]
[WhiteClock "01:08:13"]
[BlackClock "01:16:08"]
[PlyCount "19"]
[WhiteFideId "34679731"]
[BlackFideId "16298349"]
[EventCountry "GER"]
[EventRounds "9"]
[EventType "swiss"]
[EventDate "2025.06.07"]

1. e4 {[%clk 01:30:59]} e6 {[%clk 01:30:51]} {[%emt 00:00:09]} 2. d4 {[%clk
01:31:08]} {[%emt 00:00:21]} d5 {[%clk 01:31:15]} {[%emt 00:00:06]} 3. exd5
{[%clk 01:29:36]} {[%emt 00:02:03]} exd5 {[%clk 01:31:36]} {[%emt 00:00:09]} 4.
Nf3 {[%clk 01:29:59]} {[%emt 00:00:07]} Nc6 {[%clk 01:31:53]} {[%emt 00:00:14]}
5. Be3 {[%clk 01:29:20]} {[%emt 00:01:08]} Bd6 {[%clk 01:31:14]} {[%emt
00:01:09]} 6. Nc3 {[%clk 01:26:28]} {[%emt 00:03:23]} Nge7 {[%clk 01:30:10]}
{[%emt 00:01:33]} 7. h3 {[%clk 01:22:49]} {[%emt 00:04:09]} O-O {[%clk
01:29:05]} {[%emt 00:01:34]} 8. Bb5 {[%clk 01:21:39]} {[%emt 00:01:41]} Bf5
{[%clk 01:24:50]} {[%emt 00:04:45]} 9. O-O {[%clk 01:18:49]} {[%emt 00:03:20]}
h6 {[%clk 01:16:08]} {[%emt 00:09:12]} 10. Qd2 {[%clk 01:08:13]} {[%emt
00:11:06]} a6 {[%clk 01:05:18]} {[%emt 00:15:31]} 11. Ba4 {[%clk 01:05:42]}
{[%emt 00:00:25]} Be4 {[%clk 00:59:19]} {[%emt 00:04:54]} 12. Nxe4 {[%clk
00:58:10]} {[%emt 00:08:01]} dxe4 {[%clk 00:59:41]} {[%emt 00:00:09]} 13. Ne1
{[%clk 00:58:29]} {[%emt 00:00:11]} b5 {[%clk 00:59:03]} {[%emt 00:01:08]} 14.
Bb3 {[%clk 00:55:18]} {[%emt 00:03:41]} Nf5 {[%clk 00:53:18]} {[%emt 00:06:15]}
15. d5 {[%clk 00:53:11]} {[%emt 00:02:37]} Nce7 {[%clk 00:51:46]} {[%emt
00:01:56]} 16. Bf4 {[%clk 00:50:43]} {[%emt 00:02:42]} Ng6 {[%clk 00:45:32]}
{[%emt 00:07:06]} 17. Bxd6 {[%clk 00:46:45]} {[%emt 00:04:27]} Qxd6 {[%clk
00:45:37]} {[%emt 00:00:26]} 18. Rd1 {[%clk 00:44:59]} {[%emt 00:02:13]} Rfe8
{[%clk 00:45:01]} {[%emt 00:01:07]} 19. Rc1 {[%clk 00:42:39]} {[%emt 00:02:51]}
c6 {[%clk 00:43:01]} {[%emt 00:02:31]} 20. c4 {[%clk 00:41:32]} {[%emt
00:01:37]} bxc4 {[%clk 00:41:55]} {[%emt 00:01:37]} 21. Bxc4 {[%clk 00:40:14]}
{[%emt 00:01:43]} e3 {[%clk 00:41:10]} {[%emt 00:01:18]} 22. fxe3 {[%clk
00:39:18]} {[%emt 00:01:27]} Nxe3 {[%clk 00:41:26]} {[%emt 00:00:14]} 23. Rf2
{[%clk 00:38:52]} {[%emt 00:00:46]} Nxc4 {[%clk 00:41:50]} {[%emt 00:00:16]}
24. Rxc4 {[%clk 00:38:55]} {[%emt 00:00:26]} Qxd5 {[%clk 00:41:29]} {[%emt
00:00:51]} 25. Qxd5 {[%clk 00:38:46]} {[%emt 00:00:39]} Rxe1+ {[%clk 00:41:49]}
{[%emt 00:00:11]} 26. Kh2 {[%clk 00:38:17]} {[%emt 00:00:59]} cxd5 {[%clk
00:42:10]} {[%emt 00:00:10]} 27. Rc7 {[%clk 00:38:41]} {[%emt 00:00:05]} d4
{[%clk 00:42:14]} {[%emt 00:00:25]} 28. Rfxf7 {[%clk 00:38:49]} {[%emt
00:00:22]} Ne5 {[%clk 00:40:19]} {[%emt 00:02:26]} 29. Rxg7+ {[%clk 00:38:59]}
{[%emt 00:00:19]} Kf8 {[%clk 00:40:37]} {[%emt 00:00:09]} 30. Rh7 {[%clk
00:39:18]} {[%emt 00:00:11]} Ng6 {[%clk 00:38:34]} {[%emt 00:02:37]} 31. Rcf7+
{[%clk 00:38:34]} {[%emt 00:01:13]} Ke8 {[%clk 00:38:46]} {[%emt 00:00:14]} 32.
Rfg7 {[%clk 00:38:14]} {[%emt 00:00:55]} Re7 {[%clk 00:36:16]} {[%emt
00:02:59]} 33. Rxe7+ {[%clk 00:36:49]} {[%emt 00:01:55]} Nxe7 {[%clk 00:35:09]}
{[%emt 00:01:38]} 34. Rh8+ {[%clk 00:37:12]} {[%emt 00:00:07]} Kd7 {[%clk
00:35:22]} {[%emt 00:00:17]} 35. Rxa8 {[%clk 00:37:32]} {[%emt 00:00:09]} d3
{[%clk 00:35:48]} {[%emt 00:00:05]} 1/2-1/2

[Event "ODJM C 2025"]
[Site "Willingen GER"]
[Date "2025.06.08"]
[Round "1"]
[White "Prokscha, Marlene"]
[Black "Muhl, Jakob"]
[Result "1-0"]
[Termination "normal"]
[Board "10"]
[WhiteElo "1560"]
[BlackElo "1510"]
[WhiteClock "01:09:34"]
[BlackClock "01:12:21"]
[PlyCount "23"]
[WhiteFideId "34631291"]
[BlackFideId "34635181"]
[EventCountry "GER"]
[EventRounds "9"]
[EventType "swiss"]
[EventDate "2025.06.07"]

1. d4 {[%clk 01:30:56]} {[%emt 00:00:05]} d5 {[%clk 01:31:25]} {[%emt
00:00:04]} 2. Bf4 {[%clk 01:31:19]} {[%emt 00:00:06]} Nf6 {[%clk 01:31:46]}
{[%emt 00:00:10]} 3. Nf3 {[%clk 01:31:42]} {[%emt 00:00:06]} Bf5 {[%clk
01:31:38]} {[%emt 00:00:39]} 4. c4 {[%clk 01:31:12]} {[%emt 00:01:00]} c5
{[%clk 01:30:15]} {[%emt 00:01:53]} 5. e3 {[%clk 01:24:54]} {[%emt 00:06:48]}
e6 {[%clk 01:28:24]} {[%emt 00:02:21]} 6. Qb3 {[%clk 01:24:56]} {[%emt
00:00:28]} Qb6 {[%clk 01:25:51]} {[%emt 00:03:02]} 7. Nc3 {[%clk 01:21:45]}
{[%emt 00:03:41]} Nc6 {[%clk 01:23:52]} {[%emt 00:02:30]} 8. dxc5 {[%clk
01:17:47]} {[%emt 00:04:28]} Bxc5 {[%clk 01:22:04]} {[%emt 00:02:17]} 9. cxd5
{[%clk 01:12:17]} {[%emt 00:06:00]} exd5 {[%clk 01:19:41]} {[%emt 00:02:53]}
10. Qxb6 {[%clk 01:11:12]} {[%emt 00:01:36]} Bxb6 {[%clk 01:17:26]} {[%emt
00:02:45]} 11. Rd1 {[%clk 01:10:00]} {[%emt 00:01:41]} Ba5 {[%clk 01:12:21]}
{[%emt 00:05:35]} 12. Bb5 {[%clk 01:09:34]} {[%emt 00:00:57]} O-O {[%clk
01:10:50]} {[%emt 00:10:27]} 13. O-O {[%clk 01:09:56]} a6 {[%clk 01:07:55]} 14.
Ba4 {[%clk 01:08:11]} {[%emt 00:00:12]} Rad8 {[%clk 01:05:26]} {[%emt
00:00:24]} 15. Bg5 {[%clk 01:07:26]} {[%emt 00:00:59]} Bg4 {[%clk 01:02:38]}
{[%emt 00:03:17]} 16. Bxf6 {[%clk 01:06:18]} {[%emt 00:01:39]} Bxf3 {[%clk
00:59:39]} {[%emt 00:03:29]} 17. Bxd8 {[%clk 01:06:30]} {[%emt 00:00:18]} Bxd1
{[%clk 00:59:52]} {[%emt 00:00:16]} 18. Rxd1 {[%clk 01:06:54]} {[%emt
00:00:07]} Rxd8 {[%clk 00:59:58]} {[%emt 00:00:24]} 19. Nxd5 {[%clk 01:06:40]}
{[%emt 00:00:44]} Nb4 {[%clk 00:58:36]} {[%emt 00:01:51]} 20. Nc3 {[%clk
01:04:09]} {[%emt 00:03:01]} Rxd1+ {[%clk 00:57:13]} {[%emt 00:01:53]} 21. Bxd1
{[%clk 01:04:27]} {[%emt 00:00:12]} Kf8 {[%clk 00:56:15]} {[%emt 00:01:28]} 22.
Kf1 {[%clk 01:04:18]} {[%emt 00:00:40]} Bc7 {[%clk 00:56:07]} {[%emt 00:00:37]}
23. g3 {[%clk 01:04:27]} {[%emt 00:00:21]} Ke7 {[%clk 00:55:12]} {[%emt
00:01:25]} 24. Ke2 {[%clk 01:03:10]} {[%emt 00:01:48]} Be5 {[%clk 00:55:03]}
{[%emt 00:00:37]} 25. a3 {[%clk 01:03:05]} {[%emt 00:00:37]} Nc6 {[%clk
00:54:24]} {[%emt 00:01:09]} 26. f4 {[%clk 01:02:59]} {[%emt 00:00:36]} Bf6
{[%clk 00:54:14]} {[%emt 00:00:39]} 27. Nd5+ {[%clk 01:02:51]} {[%emt
00:00:39]} Ke6 {[%clk 00:53:57]} {[%emt 00:00:47]} 28. Nxf6 {[%clk 01:02:58]}
{[%emt 00:00:22]} Kxf6 {[%clk 00:54:16]} {[%emt 00:00:11]} 29. Kd3 {[%clk
01:02:36]} {[%emt 00:00:53]} h6 {[%clk 00:54:26]} {[%emt 00:00:20]} 30. h4
{[%clk 01:01:52]} {[%emt 00:01:13]} g5 {[%clk 00:53:51]} {[%emt 00:01:04]} 31.
hxg5+ {[%clk 01:01:57]} {[%emt 00:00:27]} hxg5 {[%clk 00:54:04]} {[%emt
00:00:16]} 32. Bf3 {[%clk 01:01:09]} {[%emt 00:01:18]} gxf4 {[%clk 00:51:58]}
{[%emt 00:02:36]} 33. gxf4 {[%clk 01:01:26]} {[%emt 00:00:13]} Nd8 {[%clk
00:51:48]} {[%emt 00:00:39]} 34. Kd4 {[%clk 01:01:15]} {[%emt 00:00:42]} b6
{[%clk 00:51:59]} {[%emt 00:00:20]} 35. Be2 {[%clk 01:00:09]} {[%emt 00:01:35]}
Ne6+ {[%clk 00:50:47]} {[%emt 00:01:42]} 36. Kd5 {[%clk 00:57:41]} {[%emt
00:02:54]} b5 {[%clk 00:50:22]} {[%emt 00:01:00]} 37. a4 {[%clk 00:56:15]}
{[%emt 00:01:56]} Nc7+ {[%clk 00:49:14]} {[%emt 00:01:38]} 38. Kd6 {[%clk
00:55:17]} {[%emt 00:01:27]} Ne6 {[%clk 00:48:52]} {[%emt 00:00:52]} 39. axb5
{[%clk 00:55:18]} {[%emt 00:00:30]} axb5 {[%clk 00:49:09]} {[%emt 00:00:13]}
40. Bxb5 {[%clk 00:55:32]} {[%emt 00:00:16]} Kf5 {[%clk 00:48:38]} {[%emt
00:01:00]} 41. Bc4 {[%clk 00:55:18]} {[%emt 00:00:44]} Nd8 {[%clk 00:47:26]}
{[%emt 00:01:41]} 42. Bd3+ {[%clk 00:55:34]} {[%emt 00:00:15]} Kf6 {[%clk
00:47:15]} {[%emt 00:00:41]} 43. b4 {[%clk 00:55:30]} {[%emt 00:00:34]} Ne6
{[%clk 00:46:32]} {[%emt 00:01:12]} 44. b5 {[%clk 00:55:35]} {[%emt 00:00:26]}
Kg7 {[%clk 00:46:41]} {[%emt 00:00:20]} 45. b6 {[%clk 00:55:41]} {[%emt
00:00:25]} Nd8 {[%clk 00:46:57]} {[%emt 00:00:13]} 46. Kc7 {[%clk 00:56:02]}
{[%emt 00:00:10]} Ne6+ {[%clk 00:47:08]} {[%emt 00:00:19]} 47. Kc8 {[%clk
00:55:46]} {[%emt 00:00:46]} Nc5 {[%clk 00:47:07]} {[%emt 00:00:31]} 48. b7
{[%clk 00:56:11]} {[%emt 00:00:06]} Nxb7 {[%clk 00:47:17]} {[%emt 00:00:20]}
49. Kxb7 {[%clk 00:56:34]} {[%emt 00:00:06]} Kf6 {[%clk 00:47:31]} {[%emt
00:00:15]} 50. Kc6 {[%clk 00:57:01]} {[%emt 00:00:05]} Ke6 {[%clk 00:47:43]}
{[%emt 00:00:17]} 51. Bc4 {[%clk 00:57:17]} {[%emt 00:00:14]} Kf6 {[%clk
00:47:56]} {[%emt 00:00:17]} 52. Kd6 {[%clk 00:57:41]} {[%emt 00:00:06]} Kg6
{[%clk 00:48:11]} {[%emt 00:00:15]} 53. e4 {[%clk 00:58:06]} {[%emt 00:00:05]}
f5 {[%clk 00:48:12]} {[%emt 00:00:29]} 54. e5 {[%clk 00:58:22]} {[%emt
00:00:13]} Kg7 {[%clk 00:47:55]} {[%emt 00:00:47]} 55. Kd7 {[%clk 00:58:42]}
{[%emt 00:00:11]} Kf8 {[%clk 00:48:16]} {[%emt 00:00:09]} 56. e6 {[%clk
00:59:03]} {[%emt 00:00:08]} Kg7 {[%clk 00:48:28]} {[%emt 00:00:17]} 57. e7
{[%clk 00:59:25]} {[%emt 00:00:10]} Kf6 {[%clk 00:48:37]} {[%emt 00:00:21]} 58.
e8=Q {[%clk 00:59:09]} {[%emt 00:00:46]} Kg7 {[%clk 00:48:54]} {[%emt
00:00:12]} 59. Qh5 {[%clk 00:59:03]} {[%emt 00:00:32]} Kf8 {[%clk 00:49:03]}
{[%emt 00:00:26]} 60. Qf7+ {[%clk 00:59:30]} {[%emt 00:00:03]} 1-0